| Поле | Инд. | ПП | Название | Значение |
|---|---|---|---|---|
| Тип записи | a | |||
| Библиографический уровень | b | |||
| 001 | Контрольный номер | RU/IS/BASE/114782467 | ||
| 005 | Дата корректировки | 20200526074512.1 | ||
| 084 | a | Индекс другой классификации/Индекс ББК | 60.561.36; 66.041.33; 66.686 | |
| 100 | 1_ | a | Автор | Аршба О. И. |
| 245 | a | Заглавие | Современный правый экстремизм в Европе | |
| 504 | a | Библиография | Библиогр. ссылки | |
| 650 | a | Основная рубрика | политика | |
| a | Основная рубрика | политическая социология | ||
| a | Основная рубрика | политические движения | ||
| a | Основная рубрика | политология | ||
| a | Основная рубрика | социология | ||
| 653 | a | Ключевые слова | Бельгия | |
| a | Ключевые слова | Германия | ||
| a | Ключевые слова | Европа | ||
| a | Ключевые слова | Италия | ||
| a | Ключевые слова | национальный экстремизм | ||
| a | Ключевые слова | политическая борьба | ||
| a | Ключевые слова | политические отношения | ||
| a | Ключевые слова | политические течения | ||
| a | Ключевые слова | правоэкстремистские организации | ||
| a | Ключевые слова | правый экстремизм | ||
| a | Ключевые слова | религиозный экстремизм | ||
| a | Ключевые слова | Россия | ||
| a | Ключевые слова | ультрарадикализм | ||
| a | Ключевые слова | Швеция | ||
| a | Ключевые слова | экстремизм | ||
| 773 | t | Заглавие источника | Вестник Московского университета. Серия 18, Социология и политология | |
| d | Дата издания источника | 2002 | ||
| g | Прочая информация | № 4. - С. 3 - 11 | ||
| w | Контрольный № источника | RU/IS/BASE/148578004 | ||
| 901 | t | Тип документа | b |